| 000 | 00382cam a22001337a 4500 | ||
|---|---|---|---|
| 008 | 180718b1918 xxu||||| |||| 00| 0 eng d | ||
| 082 | _aA6x44 M264 | ||
| 100 | _aMadelin, Louis | ||
| 245 |
_aThe French revolution _cby Louis Madelin |
||
| 260 |
_aLondon _bHeinemann _c1918 |
||
| 300 | _a622p. | ||
| 500 | _aFirst Pub. 1916. Orginanl ed. 1911 | ||
| 650 | _aFrance - History - Revolution | ||
| 999 |
_c372548 _d372548 |
||